Triomphe de Cupidon : (Record no. 73390)

MARC details
000 -LEADER
campo de control de longitud fija 01402nam a2200325 i 4500
001 - NÚMERO DE CONTROL
campo de control 73390
003 - IDENTIFICADOR DE NÚMERO DE CONTROL
campo de control ES-MaACL
005 - FECHA Y HORA DE LA ÚLTIMA TRANSACCIÓN
campo de control 20250825062642.0
007 - CAMPO FIJO DE DESCRIPCIÓN FÍSICA--INFORMACIÓN GENERAL
campo de control de longitud fija t|
008 - DATOS DE LONGITUD FIJA--INFORMACIÓN GENERAL
campo de control de longitud fija 041005q1881 fr a |r 001 0 fre d
040 ## - FUENTE DE CATALOGACIÓN
Centro/agencia transcriptor ES-MaACL
080 ## - NÚMERO DE LA CLASIFICACIÓN DECIMAL UNIVERSAL
Número de la Clasificación Decimal Universal 255.6-158
100 1# - ENTRADA PRINCIPAL--NOMBRE DE PERSONA
Nombre de persona Lossow, Heinrich,
Fechas asociadas al nombre 1843-1897
Término indicativo de función/relación Autor
-- Ilustrador
9 (RLIN) 163562
245 10 - MENCIÓN DEL TÍTULO
Título Triomphe de Cupidon :
Resto del título 12 dessins fantaisistes /
Mención de responsabilidad, etc. par Henri Lossow ; [phototypie Adolphe Ackermann, Munich]
246 1# - FORMA VARIANTE DEL TITULO
Título propio/Titulo breve Götterdekameron
260 ## - PUBLICACIÓN, DISTRIBUCIÓN, ETC.
Lugar de publicación, distribución, etc. Paris :
Nombre del editor, distribuidor, etc. W. Hinrichsen,
Fecha de publicación, distribución, etc. [1881]
300 ## - DESCRIPCIÓN FÍSICA
Extensión 1 carpeta (12 hojas de láminas (blanco y negro), 1 hoja) ;
Dimensiones 33 x 25 cm
500 ## - NOTA GENERAL
Nota general Índice
530 ## - NOTA DISPONIBLE DE FORMULARIO FÍSICO ADICIONAL
Nota de formato físico adicional disponible Disponible en formato digital
594 ## - NOTA AL TITULO Y MENCION DE RESPONSABILIDAD
Nota Título en cubierta: Götterdekameron
650 #4 - PUNTO DE ACCESO ADICIONAL DE MATERIA--TÉRMINO DE MATERIA
Término de materia o nombre geográfico como elemento de entrada Cupido (Divinidad romana)
9 (RLIN) 11526
650 #4 - PUNTO DE ACCESO ADICIONAL DE MATERIA--TÉRMINO DE MATERIA
Término de materia o nombre geográfico como elemento de entrada Arte erótico
9 (RLIN) 158969
655 #7 - TERMINO DE INDIZACIÓN--GENERO/FORMA
Datos o término principal de género/forma Libros ilustrados
Fuente del término tgfbne
9 (RLIN) 193653
700 1# - ENTRADA AGREGADA--NOMBRE PERSONAL
Nombre de persona Ackermann, Adolphe,
Fechas asociadas al nombre 1764-1834
Término indicativo de función/relación Impresor
9 (RLIN) 241824
852 4# - LOCALIZACIÓN
Ubicación ES-MaACL
Ubicación en estantería Depósito 2
Marcas de propiedad Sello: "Testamentaría de Rafael Monleón, año 1900"
Donativo/Legado Legado Rafael Monleón
Número de control de estantería G-5195
Encuadernación Carpeta de tela verde grabada, con solapas, decorada en oro y negro, con Cupido en medallón central
856 4# - LOCALIZACIÓN Y ACCESO ELECTRÓNICOS
Identificador Uniforme de Recursos <a href="https://bvpb.mcu.es/es/consulta/registro.do?id=577713">https://bvpb.mcu.es/es/consulta/registro.do?id=577713</a>
Texto de enlace Versión en línea
Nota pública (Biblioteca Virtual del Patrimonio Bibliográfico)
942 ## - ELEMENTOS DE ENTRADA SECUNDARIOS (KOHA)
Tipo de ítem Koha Libro impreso antiguo
Suprimir en OPAC No
Holdings
Estatus retirado Estado de pérdida Fuente del sistema de clasificación o colocación Estado de daño No para préstamo Colección Biblioteca de origen Biblioteca actual Ubicación en estantería Fecha de adquisición Fuente de adquisición Total de préstamos Signatura topográfica completa Código de barras Visto por última vez Tipo de ítem Koha
    Clasificación decimal universal     Libros del s. XIX Biblioteca del Ateneo de Madrid Biblioteca del Ateneo de Madrid Depósito 2 17/01/2008 Legado   G-5195 1076821 23/02/2023 Libro impreso antiguo